Zásady volebného práva.

význam ústavného zakotvenia zásad či princípov volebného práva. Základné zásady volebného práva: všeobecnosť, rovnosť a priamosť, spojená s tajnosťou hlasovania. Ich výklad. Vývoj inštitútu všeobecnosti volebného práva vo vybraných krajinách.

Gespeichert in:
Bibliographische Detailangaben
1. Verfasser: Kresák, P.
Format: Buchkapitel
Sprache:Slowakisch
Schlagworte:
Tags: Tag hinzufügen
Keine Tags, Fügen Sie das erste Tag hinzu!

MARC

LEADER 00000naa a2200000 4500
001 r007952
005 20220831085707.3
041 0 |a slo 
044 |a [CS] 
245 1 0 |a Zásady volebného práva.  |c P. Kresák 
520 |a význam ústavného zakotvenia zásad či princípov volebného práva. Základné zásady volebného práva: všeobecnosť, rovnosť a priamosť, spojená s tajnosťou hlasovania. Ich výklad. Vývoj inštitútu všeobecnosti volebného práva vo vybraných krajinách. 
610 2 0 |a právo ústavné 
610 2 0 |a voľby 
610 2 0 |a ústava 
100 1 |a Kresák, P.